000 00586nam a22001817a 4500
003 UA-OsUOA
001 11398
007 ta
008 20050320b un ||||| |||| 00| 0 ukr d
100 _aКендюхов о.
942 _cSA
040 _aUA-OsUOA
_cUA-OsUOA
_dUA-OsUOA
245 _aМотивація творчої інтелектуальної праці : Дослідження основних підходів
300 _aС.49-56
955 _a0
773 0 _w0
_tЕкономіка України
_dКиїв
_d2005
_g№3
650 7 _aЕкономічна теорія
_2UDC
999 _c297559
_d297559